| 000 | 00684nam a22002297a 4500 | ||
|---|---|---|---|
| 999 |
_c258858 _d258857 |
||
| 003 | OSt | ||
| 005 | 20200721123450.0 | ||
| 008 | 200721b xxu||||| |||| 00| 0 eng d | ||
| 010 | _a87401930 | ||
| 020 | _a0871921804 | ||
| 035 | _a9 (DLC) 87401930 | ||
| 040 | _cRU | ||
| 050 |
_aTT157 _b.S72 1987 |
||
| 100 | _aSprintzen, Alice. | ||
| 245 |
_a Crafts : _b contemporary design and technique _c Alice Sprintzen. |
||
| 260 |
_aWorcester, Mass. : _b Davis Publications, _c c1987. |
||
| 300 |
_axiii, 178 p., [8] p. of plates : _b ill. (some col.) ; _c 26 cm. |
||
| 500 | _a Includes index. | ||
| 504 | _a Bibliography: p. 173-174. | ||
| 650 | _aHandicraft. | ||
| 942 |
_2lcc _cBK |
||